<?xml version="1.0" encoding="UTF-8"?><?xml-stylesheet type="text/xsl" href="static/style.xsl"?><OAI-PMH xmlns="http://www.openarchives.org/OAI/2.0/" xmlns:xsi="http://www.w3.org/2001/XMLSchema-instance" xsi:schemaLocation="http://www.openarchives.org/OAI/2.0/ http://www.openarchives.org/OAI/2.0/OAI-PMH.xsd"><responseDate>2026-04-17T01:55:47Z</responseDate><request verb="GetRecord" identifier="oai:www.recercat.cat:10459.1/63424" metadataPrefix="marc">https://recercat.cat/oai/request</request><GetRecord><record><header><identifier>oai:recercat.cat:10459.1/63424</identifier><datestamp>2024-12-05T21:37:03Z</datestamp><setSpec>com_2072_3622</setSpec><setSpec>col_2072_479130</setSpec></header><metadata><record xmlns="http://www.loc.gov/MARC21/slim" xmlns:dcterms="http://purl.org/dc/terms/" xmlns:xsi="http://www.w3.org/2001/XMLSchema-instance" xmlns:doc="http://www.lyncode.com/xoai" xsi:schemaLocation="http://www.loc.gov/MARC21/slim http://www.loc.gov/standards/marcxml/schema/MARC21slim.xsd">
   <leader>00925njm 22002777a 4500</leader>
   <datafield ind2=" " ind1=" " tag="042">
      <subfield code="a">dc</subfield>
   </datafield>
   <datafield ind2=" " ind1=" " tag="720">
      <subfield code="a">Gol, Sofia</subfield>
      <subfield code="e">author</subfield>
   </datafield>
   <datafield ind2=" " ind1=" " tag="720">
      <subfield code="a">Estany Illa, Joan</subfield>
      <subfield code="e">author</subfield>
   </datafield>
   <datafield ind2=" " ind1=" " tag="720">
      <subfield code="a">Fraile Sauce, Lorenzo José</subfield>
      <subfield code="e">author</subfield>
   </datafield>
   <datafield ind2=" " ind1=" " tag="720">
      <subfield code="a">Pena i Subirà, Ramona Natacha</subfield>
      <subfield code="e">author</subfield>
   </datafield>
   <datafield ind2=" " ind1=" " tag="260">
      <subfield code="c">2018-05-23T10:42:34Z</subfield>
   </datafield>
   <datafield ind2=" " ind1=" " tag="260">
      <subfield code="c">2018-05-23T10:42:34Z</subfield>
   </datafield>
   <datafield ind2=" " ind1=" " tag="260">
      <subfield code="c">2015</subfield>
   </datafield>
   <datafield ind2=" " ind1=" " tag="260">
      <subfield code="c">2018-05-23T10:42:35Z</subfield>
   </datafield>
   <datafield ind2=" " ind1=" " tag="520">
      <subfield code="a">A genomic region in pig chromosome 4 has been previously associated with higher viraemia levels and lower weight gain following porcine reproduction and respiratory syndrome virus (PRRSV) infection. The region includes the marker WUR1000125, a G>A polymorphism next to a putative polyadenylation site in the 3'-untranslated region (3'-UTR) of the guanylate-binding protein 1, interferon-induced (GBP1) gene. The protein encoded by GBP1 is a negative regulator of T-cell responses. We show here that GBP1 expression is lower in liver and tonsils of pigs carrying the WUR1000125-G allele due to differential allele expression (allele A expression is 1.9-fold higher than for allele G). We also show that the GBP1 gene has two active polyadenylation signals 421 bp apart and that polyadenylation usage is dependent on the WUR1000125 genotype. The distal site is the most prevalently used in all samples, but the presence of the A allele favours the generation of shorter transcripts from the proximal site. This is confirmed by a differential allele expression study in AG genotype liver and tonsil samples. The interaction between WUR1000125 and other mutations identified in the 5'- and 3'-UTR regions of this gene needs to be studied. In conclusion, our study indicates that the WUR1000125 mutation is associated with changes in the expression of the negative T-cell regulator GBP1 gene. However, the chromosome 4 locus for PRRSV viraemia levels and weight gain contains a cluster of four other GBP genes that remain to be studied as candidate genes for this QTL.</subfield>
   </datafield>
   <datafield ind2=" " ind1=" " tag="520">
      <subfield code="a">S. Gol is a recipient of a PhD scholarship from the Spanish&#xd;
Ministry of Education (BES-2014-FPU13/04975)</subfield>
   </datafield>
   <datafield ind1="8" ind2=" " tag="024">
      <subfield code="a">http://hdl.handle.net/10459.1/63424</subfield>
   </datafield>
   <datafield tag="653" ind2=" " ind1=" ">
      <subfield code="a">Virus del síndrome reproductivo y respiratorio porcino</subfield>
   </datafield>
   <datafield tag="653" ind2=" " ind1=" ">
      <subfield code="a">Genètica animal</subfield>
   </datafield>
   <datafield tag="653" ind2=" " ind1=" ">
      <subfield code="a">Genética molecular</subfield>
   </datafield>
   <datafield tag="653" ind2=" " ind1=" ">
      <subfield code="a">produccio animal</subfield>
   </datafield>
   <datafield tag="653" ind2=" " ind1=" ">
      <subfield code="a">Genetic resistance</subfield>
   </datafield>
   <datafield tag="653" ind2=" " ind1=" ">
      <subfield code="a">Polyadenylation usage</subfield>
   </datafield>
   <datafield tag="653" ind2=" " ind1=" ">
      <subfield code="a">Porcine production</subfield>
   </datafield>
   <datafield tag="653" ind2=" " ind1=" ">
      <subfield code="a">Porcine reproduction and respiratory syndrome virus</subfield>
   </datafield>
   <datafield tag="653" ind2=" " ind1=" ">
      <subfield code="a">Porcs--Malalties</subfield>
   </datafield>
   <datafield tag="653" ind2=" " ind1=" ">
      <subfield code="a">Porcs--Genètica</subfield>
   </datafield>
   <datafield ind2="0" ind1="0" tag="245">
      <subfield code="a">Expression profiling of the GBP1 gene as a candidate gene for porcine reproductive and respiratory syndrome resistance</subfield>
   </datafield>
</record></metadata></record></GetRecord></OAI-PMH>